000 00434nam a2200157Ia 4500
003 GCL
008 140319s9999 xx 000 0 eng d
040 _aGCL /
_cGCL
082 0 4 _a942
_bW M
100 1 _aWEBB, R.K.
245 1 0 _aMODERN ENGLAND FROM THE EIGHTEENTH CENTURY TO THE PRESENT /
_cWEBB, R.K.
260 _a[S.N] :
_bDODD, MEAD & COMPANY ،
_c1968
300 _a652 P
650 0 4 _aHISTORY AND CRITICISM
942 _2ddc
_cBK
999 _c19604
_d19604